=LDR 00000nam 2200000 4500 =001 INLIS000000000014365 =005 20130612105637 =008 ***********************************Ind** =035 ##$$0010-061300000014365 =041 ##$$a Ind =082 ##$$a 635 =090 ##$$a 635, Sam u =100 ##$$a samadi, Budi =245 ##$$a Usaha tani melon, Budi Samadi =260 ##$$a 1995 $b Yogyakarta =300 ##$$a 100 hlm, Il, 21 cm =650 ##$$a Melon =850 ##$$a NBPNMAT